Catálogo
 En Linea

Aspectos metodológicos de la alfabetización / (Registro nro. 36105)

Detalles MARC
000 -CABECERA
campo de control de longitud fija 00825nam a2200217 a 4500
001 - NÚMERO DE CONTROL
campo de control 000036614
003 - IDENTIFICADOR DEL NÚMERO DE CONTROL
campo de control OSt
005 - FECHA Y HORA DE LA ÚLTIMA TRANSACCIÓN
campo de control 20220321135113.0
008 - DATOS DE LONGITUD FIJA--INFORMACIÓN GENERAL
campo de control de longitud fija 210319b ||||| |||| 00| 0 spa d
020 ## - NÚMERO INTERNACIONAL ESTÁNDAR DEL LIBRO
Número Internacional Estándar del Libro 9789945880526
040 ## - FUENTE DE LA CATALOGACIÓN
Centro catalogador/agencia de origen DO-SdBNP
Lengua de catalogación spa
Centro/agencia transcriptor BNPHU
082 ## - NÚMERO DE LA CLASIFICACIÓN DECIMAL DEWEY
Número de clasificación xxx
Número de documento/Ítem I43a
100 1# - ENTRADA PRINCIPAL--NOMBRE DE PERSONA
Nombre de persona Infante, María Isabel
9 (RLIN) 37920
245 10 - MENCIÓN DE TÍTULO
Título Aspectos metodológicos de la alfabetización /
Mención de responsabilidad, etc. María Isabel Infante, María Eugenia Letelier.
260 ## - PUBLICACIÓN, DISTRIBUCIÓN, ETC.
Lugar de publicación, distribución, etc. Santo Domingo :
Nombre del editor, distribuidor, etc. Organización de Estados Iberoamericanos para la Educación la Ciencia y la Cultura,
Fecha de publicación, distribución, etc. 2011.
300 ## - DESCRIPCIÓN FÍSICA
Extensión 20 p. :
Otras características físicas il. ;
Dimensiones 29 cm.
500 ## - NOTA GENERAL
Nota general Incluye notas al pie de las páginas
700 1# - PUNTO DE ACCESO ADICIONAL--NOMBRE DE PERSONA
Nombre de persona Letelir, María Eugenia
9 (RLIN) 62901
710 2# - PUNTO DE ACCESO ADICIONAL--NOMBRE DE ENTIDAD CORPORATIVA
Nombre de entidad corporativa o nombre de jurisdicción como elemento de entrada Organización de Estados Iberoamericanos para la Educación, la Ciencia y la Cultura
9 (RLIN) 29137
942 ## - ELEMENTOS DE PUNTO DE ACCESO ADICIONAL (KOHA)
Fuente del sistema de clasificación o colocación Dewey Decimal Classification
Tipo de ítem Koha Libro
Existencias
Estado de retiro Estado de pérdida Restricciones de uso No para préstamo Código de colección Localización permanente Ubicación/localización actual Ubicación en estantería Fecha de adquisición Número de inventario Total de préstamos Signatura topográfica completa Código de barras Fecha visto por última vez Número de copia Precio válido a partir de Tipo de ítem Koha
        Monografías: Libros y Folletos General General Depósito 13.03.2012 LF1   xxx I43a 36614-30 25.06.2020 e. 3 25.06.2020 Préstamo en sala
        Monografías: Libros y Folletos General General Depósito 14.01.2015 LF1   xxx I43a 36614-40 25.06.2020 e. 4 25.06.2020 Préstamo en sala
      Excluido de préstamo Monografías: Libros y Folletos Patrimonio Dominicano Patrimonio Dominicano Depósito 23.01.2012 LF1   xxx I43a 36614-10 25.06.2020   25.06.2020 No se presta
      Excluido de préstamo Monografías: Libros y Folletos Patrimonio Dominicano Patrimonio Dominicano Depósito 13.03.2012 LF1   xxx I43a 36614-20 25.06.2020 e. 2 25.06.2020 No se presta

Con tecnología Koha